Artificial Intelligence And Machine Learning For Business For Non-Engineers / (Record no. 590096)

000 -LEADER
fixed length control field 00403nam a22001577a 4500
003 - CONTROL NUMBER IDENTIFIER
control field NUST
020 ## - INTERNATIONAL STANDARD BOOK NUMBER
International Standard Book Number 9780367365745
038 ## - RECORD CONTENT LICENSOR
Staff Name Khadija
082 ## - DEWEY DECIMAL CLASSIFICATION NUMBER
Classification number 006.3024
Author Mark GRO
100 ## - MAIN ENTRY--PERSONAL NAME
Personal name Groom
9 (RLIN) 91979
245 ## - TITLE STATEMENT
Title Artificial Intelligence And Machine Learning For Business For Non-Engineers /
Statement of responsibility, etc. Frank M. Groom
260 ## - PUBLICATION, DISTRIBUTION, ETC.
Place of publication, distribution, etc. New York
Name of publisher, distributor, etc. CRC Press
Date of publication, distribution, etc. 2020
300 ## - PHYSICAL DESCRIPTION
Extent 147p
563 ## - BINDING INFORMATION
Binding note HB
942 ## - ADDED ENTRY ELEMENTS (KOHA)
Source of classification or shelving scheme
Koha item type Book
Holdings
Withdrawn status Lost status Source of classification or shelving scheme Damaged status Not for loan Permanent Location Current Location Shelving location Date acquired Total Checkouts Full call number Barcode Date last seen Price effective from Koha item type
          School of Mechanical & Manufacturing Engineering (SMME) School of Mechanical & Manufacturing Engineering (SMME) General Stacks 06/03/2022   006.3024 GRO SMME-3761 06/03/2022 06/03/2022 Book
© 2023 Central Library, National University of Sciences and Technology. All Rights Reserved.